Die teuersten Fußballtransfers - Geboren 2001 - Statistiken

Allgemein
  • Dieses Quiz wurde 32 mal gespielt
  • Das Durchschnittsergebnis liegt bei 7 aus 11
Antwortstatistiken
Ablöse (M €) Saison Nationalität Abgebender Verein Aufnehmender Verein Spieler % Korrekt
121,00 2022-2023 Argentinien Benfica FC Chelsea Enzo Fernández
89%
44,25 2022-2023 Argentinien River Plate Benfica Enzo Fernández
89%
116,00 2023-2024 Ecuador Brighton FC Chelsea Moisés Caicedo
89%
70,00 2022-2023 Ukraine Shakhtar D. FC Chelsea Mykhaylo Mudryk
86%
40,00 2023-2024 Niederlande VfL Wolfsburg Tottenham Micky van de Ven
82%
45,00 2019-2020 Brasilien FC Santos Real Madrid Rodrygo
68%
60,00 2023-2024 Uruguay Sporting CP Paris SG Manuel Ugarte
64%
40,00 2023-2024 Niederlande Ajax Amsterdam FC Arsenal Jurrien Timber
61%
65,00 2023-2024 Portugal Benfica Paris SG Gonçalo Ramos
50%
45,60 2022-2023 England FC Everton Newcastle United Anthony Gordon
29%
55,00 2023-2024 Wales Nottingham Forest Tottenham Brennan Johnson
29%
Keine übereinstimmenden Quizze gefunden
Verteilung der Resultate
Anzahl Personen mit jedem Resultat
Perzentil nach korrekt beantworteten Fragen
Ihre Resultats-Entwicklung
Sie haben dieses Quiz noch nicht gespielt